[Event "Bergamo Province-ch"]
[Site "Bergamo"]
[Date "2004.10.08"]
[Round "1"]
[White "Trozzi, Ettore"]
[Black "Riva, Carlo"]
[Result "1/2-1/2"]
[WhiteElo "1416"]
[BlackElo "1655"]
[PlyCount "43"]
[EventDate "2004.10.08"]
[EventType "swiss"]
[EventRounds "8"]
[EventCountry "ITA"]
[SourceTitle "EXT 2023"]
[Source "ChessBase"]
[SourceDate "2022.10.05"]
[SourceVersion "1"]
[SourceVersionDate "2022.10.05"]
[SourceQuality "1"]

1. a3 d5 2. c3 c6 3. d4 Bf5 4. Bf4 Nd7 5. Qb3 Qb6 6. Qxb6 Nxb6 7. Nd2 Nf6 8. e3 e6 9. Be5 Be7 10. Bxf6 Bxf6 11. Ne2 0-0 12. Ng3 Bg6 13. e4 Bh4 14. e5 Bxg3 15. hxg3 Na4 16. Rb1 Bxb1 17. Nxb1 Nxb2 18. Nd2 Na4 19. Bd3 Nxc3 20. Bxh7+ Kh8 21. Bf5+ Kg8 22. Bh7+ 1/2-1/2